000 00390nam a22001577a 4500
005 20250707142612.0
008 250707b |||||||| |||| 00| 0 eng d
020 _a9788131785942
082 _a001.424 TAH;1 R
100 _aTaha, Hamdy A.
245 _aOperations research : an introduction
250 _a9th ed.
260 _aNew Delhi
_bPearson
_c2012
300 _a824
942 _cLL
999 _c300379
_d300379